Las crónicas de Narnia: el principe Caspián. Libro II
Salvato in:
| Autore principale: | |
|---|---|
| Natura: | Libro |
| Lingua: | spagnolo |
| Pubblicazione: |
Santiago, Chile:
Andrés Bello,
1996
|
| Edizione: | Sexta edición |
| Serie: | Gran Biblioteca Icarito
|
| Soggetti: | |
| Tags: |
Aggiungi Tag
Nessun Tag, puoi essere il primo ad aggiungerne!!
|
MARC
| LEADER | 00000nam a2200000 a 4500 | ||
|---|---|---|---|
| 001 | UCG4177 | ||
| 003 | CL-VaPUC | ||
| 005 | 20220616105937.0 | ||
| 008 | 101018e19960000CL |||||||||||||||||spa|d | ||
| 999 | |c 343016 |d 343014 | ||
| 020 | |a 956-13-0815-0 | ||
| 040 | |c Pontificia Universidad Católica de Valparaíso | ||
| 082 | 0 | 4 | |a 823 LEW 1996 |2 21 |
| 100 | |a Lewis, C. S |e autor |9 328236 | ||
| 245 | 1 | 4 | |a Las crónicas de Narnia: el principe Caspián. Libro II |
| 250 | |a Sexta edición | ||
| 260 | |a Santiago, Chile: |b Andrés Bello, |c 1996 | ||
| 300 | |a 160 páginas | ||
| 490 | 0 | |a Gran Biblioteca Icarito | |
| 500 | |a c1. Donación Biblioteca Curauma. Recibido en GC 19/4/22 | ||
| 583 | |a last modification |c 20101018 00:00:00 |k Rodrigo Vera | ||
| 650 | 0 | |a Literatura inglesa |9 312907 | |
| 650 | 0 | |a Escritores ingleses |9 389424 | |
| 650 | 0 | |a Cuentos ingleses |9 265135 | |
| 650 | 0 | |a Cuentos infantiles |9 308044 | |
| 942 | |c BK |2 ddc | ||
| 945 | |d 20101018 00:00:00 |a mfarfan | ||
| 952 | |0 0 |1 0 |2 ddc |4 0 |6 823_000000000000000_LEW_1996 |7 0 |8 A |9 583016 |a BIBCUR |b BIBCUR |c GEN |d 2022-05-12 |e Donación |i 5651174 |l 2 |m 1 |o 823 LEW 1996 |p 5651174 |r 2025-04-22 |s 2025-03-11 |t 1 |w 2022-05-12 |y BK |k CAC | ||